00351nam a2200109Ia 4500008004100000082000800041100001700049245005500066942000600121952009900127999001500226240331s9999 xx 000 0 und d bSAR aSaravanan, N 0aElangai :barasiyal penkalum, penkalin arasiyalum cL 001040708LaWERCLbWERCLcSSCd2024-03-31l0o 323.334 SARp4802r2024-03-31w2024-03-31yL c2443d2443